00529 2200193 4500001002100000005001700021008004100038035002400079090001300103245007200116260003200188300002900220650002000249700001600269850001500285980001400300985000600314999001500320YOGYA-0209000003378220090227024824.0 ind  0010-020900000033782 a992bRek aREKAMAN sejarah 1981bdata fakta dokumencpenyunting, Soebagijo I.N aJakartabGunung Agungc1983 avi, 217 hlmbilusc21 cm aRekaman sejarah aSubagiyo IN aYOPDYOG(B) a19-9-2006 a1 aP000024851